000
00202nam a2200085Ia 4500
008
120527s9999 xx 000 0 und d
100
_a
IFEOLUWASEYI, O.
245
_a
Clues for true friendship
942
_c
BK
999
_c
25282
_d
25282